00769cam a22002294a 4500001000800000005001700008008004100025010001700066020001600083040001800099042000800117050002000125100001900145245004600164250001200210260003500222300003600257504006400293650002400357856008500381856007300466452050620170120110734.0990204s2000 maua b 001 0 eng  a 99012903  a0072902000  aDLCcDLCdDLC apcc00aMT90b.K34 20001 aKamien, Roger.10aMusic :ban appreciation /cRoger Kamien. a7th ed. aBoston :bMcGraw-Hill,cc2000. axxxiv, 738 p. :bill. ;c24 cm. aIncludes bibliographical references (p. 697-698) and index. 0aMusic appreciation.423Publisher descriptionuhttp://www.loc.gov/catdir/description/mh023/99012903.html413Table of contentsuhttp://www.loc.gov/catdir/toc/mh022/99012903.html